000 00862nam a2200241Ia 4500
005 20251020182513.0
008 200515s9999 xx 000 0 und d
020 _a970-10-1204-6
082 _a658.008.9/N74
100 _aCabello Garza, Mario A.
100 _aRamírez Padilla, David Noel
245 0 _aEmpresas Competitivas : una estrategia de cambio para el éxito
260 _aMéxico, D.F.
260 _bMcGraw-Hill
260 _c1997
300 _a280 p.
500 _a1 ejemplar
520 _aElimina el paradigma de las mayoría de los pequeños y medianos empresarios acerca de la imposibilidad de que sus organizaciones compitan a nivel mundial. Para ello, se ofree a los lectores un decálogo de actitudee, habilidades y tecnología a implantar en
650 _aCOMPETITIVIDAD
650 _aEMPRESAS
942 _cLIB
999 _c1505
_d1505